Central Library OPAC University of Rajshahi

General microbiology / (Record no. 55869)

MARC details
000 -LEADER
fixed length control field 00787nam a2200265 a 4500
001 - CONTROL NUMBER
control field 55869
003 - CONTROL NUMBER IDENTIFIER
rucl marc code BD-RjUL
005 - DATE AND TIME OF LATEST TRANSACTION
control field 20211209080326.0
008 - FIXED-LENGTH DATA ELEMENTS--GENERAL INFORMATION
fixed length control field 161122s1970 ii a b 00110 eng d
035 ## - SYSTEM CONTROL NUMBER
System control number (BD-RjUL)
System control number 1403813
040 ## - CATALOGING SOURCE
Original cataloging agency ANL
Transcribing agency ANL
Language of cataloging eng
Modifying agency BD-RjUL
041 ## - LANGUAGE CODE
Language code of text/sound track or separate title eng
082 0# - DEWEY DECIMAL CLASSIFICATION NUMBER
Classification number 579
Edition number 23
Author mark and year STG 1970
100 1# - MAIN ENTRY--PERSONAL NAME
Personal name Stanier, Roger Y.
9 (RLIN) 162357
245 10 - TITLE STATEMENT
Title General microbiology /
Statement of responsibility, etc. Roger Y. Stanier, Michael Doudoroff and Edward A. Adelberg.
250 ## - EDITION STATEMENT
Edition statement 3rd ed.
260 ## - PUBLICATION, DISTRIBUTION, ETC. (IMPRINT)
Place of publication, distribution, etc. New delhi :
Name of publisher, distributor, etc. Macmillan india,
Date of publication, distribution, etc. 1970.
300 ## - PHYSICAL DESCRIPTION
Pagination viii, 873 p. :
Illustrations ill. ;
Size 23 cm.
500 ## - GENERAL NOTE
General note Includes index.
650 #0 - SUBJECT ADDED ENTRY--TOPICAL TERM
Topical term or geographic name as entry element Microbiology.
9 (RLIN) 166345
700 1# - ADDED ENTRY--PERSONAL NAME
Personal name Adelberg, Edward A.,
Dates associated with a name 1920-
Personal name Doudoroff, Michael,
Dates associated with a name 1911-1975.
942 ## - ADDED ENTRY ELEMENTS (KOHA)
Source of classification or shelving scheme Dewey Decimal Classification
Koha item type Books
Holdings
Lost status Source of classification or shelving scheme Damaged status Not for loan Collection code Permanent Location Current Location Shelving location Date acquired Source of acquisition Total Checkouts Full call number Date last seen Copy number Koha item type
  Dewey Decimal Classification     Non-fiction Central Library, University of Rajshahi Central Library, University of Rajshahi   08/07/1976 U.S.I.S.   579 STG 1970 22/11/2016 C-2 Books